| 000 | 01008nam a2200265 i 4500 | ||
|---|---|---|---|
| 001 | bg | ||
| 100 | 1 | _aHabuda, Ludwik. | |
| 245 | 1 | 0 |
_aOd PRL do Trzeciej Rzeczypospolitej : _bliberalna demokracja i wolnorynkowa gospodarka : dlaczego i jakie? / _cLudwik Habuda, Bartłomiej Habuda. |
| 246 | 3 | _aOd Polskiej Rzeczypospolitej Ludowej do Trzeciej Rzeczypospolitej | |
| 260 |
_aOpole : _bOficyna Wydawnicza Politechniki Opolskiej, _c2006. |
||
| 300 |
_a235 s. ; _c24 cm. |
||
| 490 | 1 |
_aStudia i Monografie / Politechnika Opolska, _x1429-6063 ; _vz. 181 |
|
| 504 | _aBibliogr. s. 213-232. | ||
| 546 | _aStreszcz. ang. | ||
| 650 | 9 |
_aTransformacja systemu społeczno-gospodarczego _zPolska |
|
| 700 | 1 | _aHabuda, Bartłomiej. | |
| 830 | 0 |
_aStudia i Monografie - Politechnika Opolska _x1429-6063 _vz. 181 |
|
| 015 | _aPB 13339/2007 | ||
| 040 | _cBPK | ||
| 041 | 0 |
_apol _beng |
|
| 044 | _aPOL | ||
| 080 | _a316.422:338.24.021.8](438)"1989/..." | ||
| 942 | _cKS | ||
| 008 | 070530s2006 pl |000 0 pol | ||
| 999 |
_c54063 _d54063 |
||
| 856 |
_uhttp://koha.tu.koszalin.pl/cgi-bin/koha/opac-detail.pl?biblionumber=54063 _yKatalog online BPK |
||